| 000 | 00397nam a2200145Ia 4500 | ||
|---|---|---|---|
| 008 | 210210b1984 xxu||||| |||| 00| 0 eng d | ||
| 082 | _a321.02 SHAF | ||
| 100 | _aSHARADA RATH. | ||
| 245 | _aFederalism today: approaches, issues and trends. | ||
| 260 |
_aND _bSterling publisers pvt. ltd. _c1984 |
||
| 300 | _aviii,208 | ||
| 650 | _aFederalism | ||
| 690 | _aIndian Government | ||
| 906 | _aSG02672 | ||
| 999 |
_c113711 _d113711 |
||